| 000 | 00573nam a22002057a 4500 | ||
|---|---|---|---|
| 003 | OSt | ||
| 005 | 20170215171133.0 | ||
| 008 | 160601b xxu||||| |||| 00| 0 eng d | ||
| 020 | _a9780471262978 | ||
| 040 | _cDDC | ||
| 082 | _a005.74 GIL 2005 | ||
| 100 |
_aGillenson, Mark L. _99185 |
||
| 245 | _aFundamentals of Database Management Systems | ||
| 260 | _aNew Jersey; John Wiley, 2005 | ||
| 300 | _axvii,366p; col.ill: 26cm | ||
| 504 | _aReferences, & index included | ||
| 650 |
_aDatabase management _9508 |
||
| 650 |
_aComputer systems _9654 |
||
| 942 |
_2ddc _cO_SHELF |
||
| 999 |
_c4261 _d4261 |
||